Responses for show #6576 - Monday, April 1, 2013

Rebecca Rider game 3.

Contestants

[<< previous game]

Alex Stoy, a student from Tarzana, California

Jim Craner, a website developer from Riverton, Illinois

Rebecca Rider, an office supply sales assistant from Fresh Meadows, New York (whose 2-day cash winnings total $46,400)

[next game >>]

Jeopardy! Round responses

GIRTH OF A NATION
THANK "Q" VERY MUCH
PAPER
GOOD EATS
THE U.S. CONSTITUTION
& HERE'S YOUR HOST...
    $200 11
Brazil

Rebecca
    $200 1
a quack

Alex
    $200 17
letterhead

Jim
    $200 22
crab

Rebecca
    $200 3
Commander in Chief

Alex
    $200 16
Ryan Seacrest

Rebecca
    $400 12
(Alex: What is Switzerland?)

Belgium

JimAlex
    $400 2
quarry

Alex
    $400 18
a postcard

Jim
    $400 23
prosciutto

Jim
    $400 4
(Alex: Who is Jefferson?)

(George) Washington

RebeccaAlex
    $400 27
Stephen Colbert

Rebecca
    $600 13
Iceland

Alex
    $600 8
quarantine

Jim
    $600 19
carbon copying

Rebecca
    $600 24
carne asada

Rebecca
    $600 5
noon

Jim
    $600 28
Probst

Rebecca
    $800 14
Andorra

Alex
    $800 9
quantum

Alex
    $800 20
a brochure

Rebecca
    $800 25
chicken fried steak

Jim
    $800 6
2/3

Alex
    $800 29
Amazing Race

Jim
    $1,500 15
Mongolia

Alex
    $1000 10
Quartermaster

Alex
    $1000 21
(Alex: What is red letter?)
(Jim: What is blue ribbon?)

a white paper

JimAlex
Triple Stumper
    $1000 26
chili

Rebecca
    $1000 7
Reconstruction

Rebecca
    $1000 30
Dirty Jobs

Alex

Scores at the first commercial break (after clue 15):

Rebecca Jim Alex
$1,600 $1,600 $5,500

Scores at the end of the Jeopardy! Round:

Rebecca Jim Alex
$6,000 $3,200 $5,500

Double Jeopardy! Round responses

SHAKESPEAREAN PREQUELS?
DISNEY MOVIES BY SONG
15 LETTERS OR MORE
SOCIOLOGY
BORN IN THE 1400s
THE "EL" YOU SAY
    $400 11
Othello

Jim
    $400 17
(Jim: What is Sleeping Beauty?)

Snow White and the Seven Dwarfs

Jim
Triple Stumper
    $400 6
cinematographer

Jim
    $400 12
matriarchal

Rebecca
    $400 26
Joan of Arc

Rebecca
    $400 1
El Paso

Alex
    $800 13
Romeo & Juliet

Rebecca
    $800 18
Mary Poppins

Alex
    $800 7
circumnavigator

Jim
    $2,000 21
the 1960s

Jim
    $800 27
Suleiman

Rebecca
    $800 2
El Greco

Rebecca
    $1200 14
Duncan

Triple Stumper
    $1200 19
Enchanted

Rebecca
    $2,000 8
semiautobiographical

Jim
    $1200 22
(Friedrich) Engels

Rebecca
    $1200 28
(John) Cabot

Jim
    $1200 3
El Salvador

Alex
    $1600 15
Prospero

Rebecca
    $1600 20
Peter Pan

Jim
    $1600 9
(Jim: What is bioluminescent?)
[Initially ruled correct; reversed before Daily Double at clue 21 as "bioluminescent" has only 14 letters.]

bioluminescence

Jim
Triple Stumper
    $1600 24
Gallup

Jim
    $1600 29
(Alex: Who is Medici?)
(Alex Trebek: Be more specific. Which one?)
(Alex: Silvio.)

Lorenzo de' Medici

Alex
Triple Stumper
    $1600 4
El NiƱo

Jim
    $2000 16
Regan & Goneril

Rebecca
    $2000 23
The Parent Trap

Rebecca
    $2000 10
a neurotransmitter

Rebecca
    $2000 25
(Alex: What is wealth?)

consumption

JimAlex
    $2000 30
Sandro Botticelli

Triple Stumper
    $2000 5
El Capitan

Jim

Scores at the end of the Double Jeopardy! Round:

Rebecca Jim Alex
$19,200 $16,800 $4,300

[wagering suggestions for these scores]

Final Jeopardy! Round responses

STATE MOTTOS
AlexWhat is Eureka?
$4,200
JimWhat is Hope
$8,000
RebeccaWhat is Eureka!?
$14,600
Eureka

Final scores:

Rebecca Jim Alex
$33,800 $8,800 $8,500
3-day champion: $80,200 2nd place: $2,000 3rd place: $1,000

Game dynamics:

Coryat scores:

Rebecca Jim Alex
$19,200 $14,800 $3,800
22 R,
0 W
19 R
(including 2 DDs),
3 W
13 R
(including 1 DD),
5 W

Combined Coryat: $37,800

The J! Archive is created by fans, for fans. The Jeopardy! game show and all elements thereof, including but not limited to copyright and trademark thereto, are the property of Jeopardy Productions, Inc. and are protected under law. This website is not affiliated with, sponsored by, or operated by Jeopardy Productions, Inc. Join the discussion at JBoard.tv.